Les porcelaines francaises (Record no. 7395)
[ view plain ]
| 000 -CABECERA | |
|---|---|
| campo de control de longitud fija | 00892nam a2200265 a 4500 |
| 001 - NÚMERO DE CONTROL | |
| campo de control | BRCA_7721 |
| 005 - FECHA Y HORA DE LA ÚLTIMA TRANSACCIÓN | |
| campo de control | 20190320205949.0 |
| 008 - DATOS DE LONGITUD FIJA--INFORMACIÓN GENERAL | |
| campo de control de longitud fija | 300813s1950----fr-a######---#000-0#fre-# |
| 041 ## - CÓDIGO DE LENGUA | |
| Código de lengua del texto/banda sonora o título independiente | fre |
| 044 ## - CÓDIGO DEL PAÍS DE LA ENTIDAD EDITORA/PRODUCTORA | |
| Código MARC del país | fr |
| 050 #4 - SIGNATURA TOPOGRÁFICA DE LA BIBLIOTECA DEL CONGRESO | |
| Número de clasificación | NK4497 |
| Número de documento/Ítem | .G63 1950 |
| 100 1# - ENTRADA PRINCIPAL--NOMBRE DE PERSONA | |
| Nombre de persona | Gobert, Marc H. |
| 9 (RLIN) | 19099 |
| 245 10 - MENCIÓN DE TÍTULO | |
| Título | Les porcelaines francaises |
| Resto del título | historique, caractèristiques, dècour, couleurs, production, contrafracons, copies, marques |
| Mención de responsabilidad, etc. | Avant-propos de Marc H. Gobert et de M. Leyendecker. |
| 260 ## - PUBLICACIÓN, DISTRIBUCIÓN, ETC. | |
| Lugar de publicación, distribución, etc. | París |
| Nombre del editor, distribuidor, etc. | Tardy |
| Fecha de publicación, distribución, etc. | 1950 |
| 300 ## - DESCRIPCIÓN FÍSICA | |
| Extensión | 407 p. |
| Otras características físicas | il. |
| Dimensiones | 18 cm. |
| 500 ## - NOTA GENERAL | |
| Nota general | U65 |
| 500 ## - NOTA GENERAL | |
| Nota general | Ver también Y161 |
| 650 14 - PUNTO DE ACCESO ADICIONAL DE MATERIA--TÉRMINO DE MATERIA | |
| Término de materia o nombre geográfico como elemento de entrada | Porcelana francesa |
| Subdivisión de forma | Historia |
| 9 (RLIN) | 19100 |
| 650 14 - PUNTO DE ACCESO ADICIONAL DE MATERIA--TÉRMINO DE MATERIA | |
| Término de materia o nombre geográfico como elemento de entrada | Porcelana francesa |
| Subdivisión de forma | Características |
| 9 (RLIN) | 19101 |
| 650 14 - PUNTO DE ACCESO ADICIONAL DE MATERIA--TÉRMINO DE MATERIA | |
| Término de materia o nombre geográfico como elemento de entrada | Porcelana francesa |
| Subdivisión de forma | Marcas |
| 9 (RLIN) | 19102 |
| 650 14 - PUNTO DE ACCESO ADICIONAL DE MATERIA--TÉRMINO DE MATERIA | |
| Término de materia o nombre geográfico como elemento de entrada | Porcelana francesa |
| Subdivisión de forma | Producción |
| 9 (RLIN) | 19103 |
| 700 1# - PUNTO DE ACCESO ADICIONAL--NOMBRE DE PERSONA | |
| Nombre de persona | Leyendecker, M. |
| Término indicativo de función/relación | prol. |
| 9 (RLIN) | 19104 |
| 902 ## - CATALOGADOR | |
| Iniciales | GFM |
| 942 ## - ELEMENTOS DE PUNTO DE ACCESO ADICIONAL (KOHA) | |
| Fuente del sistema de clasificación o colocación | Library of Congress Classification |
| Tipo de ítem Koha | Libros |
| Estado de retiro | Estado de pérdida | Estado dañado | No para préstamo | Localización permanente | Ubicación/localización actual | Fecha de adquisición | Número de inventario | Total de préstamos | Signatura topográfica completa | Código de barras | Fecha visto por última vez | Precio válido a partir de | Tipo de ítem Koha |
|---|---|---|---|---|---|---|---|---|---|---|---|---|---|
| El ejemplar forma parte de la colección y puede ser consultado según las políticas vigentes. | Biblioteca del Museo Franz Mayer (Rogerio Casas-Alatriste) | Biblioteca del Museo Franz Mayer (Rogerio Casas-Alatriste) | 29/08/2013 | U65 | NK4497 .G63 1950 (U65) | 8330 | 22/03/2019 | 22/03/2019 | Libros |